The shattering / (Record no. 2597)

MARC details
000 -LEADER
fixed length control field 01210nam a22002417a 4500
005 - DATE AND TIME OF LATEST TRANSACTION
control field 20240103164422.0
020 ## - INTERNATIONAL STANDARD BOOK NUMBER
International Standard Book Number 9780439405614
040 ## - CATALOGING SOURCE
Original cataloging agency FISKH
Language of cataloging eng
Transcribing agency FISKH
Modifying agency FISKH
050 ## - LIBRARY OF CONGRESS CALL NUMBER
Classification number PZ7.L3274
082 ## - DEWEY DECIMAL CLASSIFICATION NUMBER
Classification number 813.54
100 ## - MAIN ENTRY--PERSONAL NAME
Personal name Lasky, Kathryn
245 ## - TITLE STATEMENT
Title The shattering /
Statement of responsibility, etc. Gaurdians of Ga'hoole ; By Kathryn Lasky
250 ## - EDITION STATEMENT
Edition statement First Printing, August 2004
260 ## - PUBLICATION, DISTRIBUTION, ETC.
Place of publication, distribution, etc. New York :
Name of publisher, distributor, etc. Scholastic,
Date of publication, distribution, etc. 2004
300 ## - PHYSICAL DESCRIPTION
Extent 176 pages :
Other physical details map ;
Dimensions 20 cm
490 ## - SERIES STATEMENT
Series statement Guardians of Ga'hoole
Volume/sequential designation Book 5
505 ## - FORMATTED CONTENTS NOTE
Formatted contents note O
520 ## - SUMMARY, ETC.
Summary, etc. In the midst of war, Soren's sister, Eglantine, unwittingly becomes a spy for Kludd, leader of the Pure Ones, a group of evil owls. She is brainwashed by an owl sent by the Pure Ones to infiltrate the Great Ga'Hoole Tree. Her odd behavior eventually attracts attention, and Soren and his friends vow to find out what has happened. They ultimately learn of her brainwashing and help her reverse the effects. Kludd continues to battle against the Guardians of Ga'Hoole for control of their tree. In the end, Kludd and his forces are defeated, but his conflict with Soren is not yet over.
521 ## - TARGET AUDIENCE NOTE
Target audience note 790
Source Lexile
521 ## - TARGET AUDIENCE NOTE
Target audience note O
Source Raz-Plus
942 ## - ADDED ENTRY ELEMENTS (KOHA)
Source of classification or shelving scheme Dewey Decimal Classification
Koha item type Books
Suppress in OPAC No
999 ## -
-- 2597
-- 2597
Holdings
Withdrawn status Lost status Source of classification or shelving scheme Damaged status Not for loan Collection Home library Current library Shelving location Date acquired Total Checkouts Full call number Barcode Date last seen Price effective from Koha item type
    Dewey Decimal Classification     Juvenile Fiction Footprints International School Library Network Toul Kork Campus Footprints International School Library Network Toul Kork Campus TTP Secondary Fiction Bookshelves 01/03/2024   LAS 813.54 PZ7.L3274 FIS00937 01/03/2024 01/03/2024 Books